18 mniejszości narodowych i etnicznych w Polsce - Statystyki

Ogólne statystyki
  • Ten quiz został rozwiązany 148 razy
  • Średni wynik to 11 z 18
Statystyki odpowiedzi
Liczba osób Mniejszość % Poprawnych
152 897 Niemcy
94%
30 957 Ukraińcy
88%
6103 Rosjanie
86%
48 737 Białorusini
83%
5846 Litwini
82%
2001 Słowacy
80%
173 153 Ślązacy
68%
5062 Kaszubi
65%
12 855 Romowie / Cyganie
62%
5863 Łemkowie
58%
1133 Żydzi / Hebrajczycy
55%
1633 Francuzi
44%
1367 Włosi
41%
1541 Amerykanie
40%
1082 Ormianie
35%
1808 Wietnamczycy
33%
1404 Grecy
26%
1112 Bułgarzy
17%
Nie znaleziono quizów pasujących do podanych kryteriów
Rozkład punktacji
Procent ludzi z każdym wynikiem
Percentyl według liczby udzielonych odpowiedzi
Twoja historia wyników
Nie rozwiązałeś tego quizu